Bed Chem - Sabrina Carpenter Lyrics - Statistics

General Stats
  • This quiz has been taken 23 times
  • The average score is 310 of 381
Answer Stats
Answer % Correct
a
100%
and
100%
be
100%
bed
100%
chem
100%
ha
100%
I
100%
in
100%
me
100%
my
100%
the
100%
bet
93%
boy
93%
but
93%
cute
93%
good
93%
have
93%
it
93%
jacket
93%
no
93%
really
93%
up
93%
we
93%
who's
93%
with
93%
you
93%
accent
87%
head
87%
it's
87%
like
87%
on
87%
right
87%
so
87%
thick
87%
time
87%
to
87%
we'd
87%
when
87%
white
87%
your
87%
all
80%
bad
80%
blue
80%
both
80%
come
80%
day
80%
free
80%
how
80%
I'm
80%
know
80%
mean
80%
next
80%
not
80%
talk
80%
that
80%
want
80%
was
80%
where
80%
are
73%
at
73%
connect
73%
could
73%
down
73%
dress
73%
eyes
73%
for
73%
friend
73%
guy
73%
hit
73%
let's
73%
manifest
73%
maybe
73%
met
73%
oh
73%
out
73%
oversized
73%
pick
73%
rush
73%
sec
73%
see
73%
send
73%
sheer
73%
sweet
73%
talked
73%
text
73%
thing
73%
were
73%
what
73%
why
73%
you're
73%
zone
73%
arrive
67%
camaraderie
67%
digress
67%
doin
67%
even
67%
goin
67%
got
67%
makes
67%
now
67%
odds
67%
of
67%
prophecy
67%
same
67%
sense
67%
things
67%
week
67%
better
60%
big
60%
fulfill
60%
just
60%
mind
60%
mm
60%
obsessed
60%
ooh
60%
pull
60%
said
60%
scrollin
60%
than
60%
that's
60%
thou
60%
6
53%
9
53%
art
53%
breath
53%
em
53%
lookin
53%
lookin'
53%
means
53%
round
53%
set
53%
turn
53%
uponeth
53%
bit
47%
redundant
47%
sound
47%
thermostat's
47%
wide
47%
yeah
47%
baby
27%
dooin
0%
lke
0%
No matching quizzes found
Score Distribution
Percent of People with Each Score
Percentile by Number Answered
Your Score History
You have not taken this quiz